MARC
| LEADER | 00000cam a2200000 7i4500 | ||
|---|---|---|---|
| 001 | 0000004782 | ||
| 002 | 000005155 | ||
| 005 | 20000330.0 | ||
| 020 | |a 9836222677 | ||
| 090 | 0 | 0 | |a 297 |b BEN |
| 100 | 1 | |a Bennabi, Malek | |
| 245 | 1 | 0 | |a Islam dalam sejarah dan masyarakat |c Malek Bennabi |
| 260 | |a Kuala Lumpur : |b DBP , |c 1991 | ||
| 300 | |a 195 p. ; |c 22 cm. | ||
| 650 | 0 | 0 | |a Islam |x History |
| 999 | |a 027781 |b BUKU |c PINJAMAN |e PERPUSTAKAAN KOMUNITI PETALING JAYA | ||
| 999 | |a 035473 |b BUKU |c PINJAMAN |e PERPUSTAKAAN KOMUNITI PETALING JAYA | ||